[Event "TechM GCL 3rd-4th 2025"]
[Site "Mumbai IND"]
[Date "2025.12.23"]
[Round "1.1"]
[White "Anand, Viswanathan"]
[Black "Gukesh, D"]
[Result "1-0"]
[WhiteTitle "GM"]
[BlackTitle "GM"]
[WhiteElo "2743"]
[BlackElo "2754"]
[WhiteTeam "Ganges Grandmasters"]
[BlackTeam "PBG Alaskan Knights"]
[WhiteFideId "5000017"]
[BlackFideId "46616543"]
[EventDate "2025.12.23"]
[EventType "team"]

1. e4 c6 2. d4 d5 3. Nc3 dxe4 4. Nxe4 Nf6 5. Nxf6+ exf6 6. c3 Bd6 7. Bd3 O-O 8.
Qc2 Re8+ 9. Ne2 h5 10. O-O h4 11. h3 Nd7 12. Bf4 Nf8 13. Qd2 Ng6 14. Bxd6 Qxd6
15. Rfe1 Be6 16. c4 Rad8 17. Rad1 Bc8 18. b3 Re7 19. Bxg6 fxg6 20. Nc3 Rde8 21.
Rxe7 Qxe7 22. d5 cxd5 23. Qxd5+ Kh8 24. Nb5 Kh7 25. Nxa7 Bf5 26. Nb5 Bc2 27. Rc1
Rd8 28. Qf3 Qe5 29. Qc3 Qf4 30. Re1 Bf5 31. Qc1 g5 32. Qxf4 gxf4 33. f3 Rd2 34.
a4 Bc2 35. b4 Bxa4 36. Nc3 Bb3 37. c5 Rc2 38. Ne4 Bd5 39. Nd6 Rb2 40. Rd1 Bc6
41. Rd4 g5 42. Nxb7 g4 43. hxg4 h3 44. gxh3 Bxf3 45. Nd6 Kg6 46. Rxf4 Bc6 47. b5
Bxb5 48. Nxb5 Rxb5 49. Rc4 1-0

[Event "TechM GCL 3rd-4th 2025"]
[Site "Mumbai IND"]
[Date "2025.12.23"]
[Round "1.2"]
[White "Keymer, Vincent"]
[Black "Erigaisi, Arjun"]
[Result "0-1"]
[WhiteTitle "GM"]
[BlackTitle "GM"]
[WhiteElo "2776"]
[BlackElo "2775"]
[WhiteTeam "Ganges Grandmasters"]
[BlackTeam "PBG Alaskan Knights"]
[WhiteFideId "12940690"]
[BlackFideId "35009192"]
[EventDate "2025.12.23"]
[EventType "team"]

1. c4 Nf6 2. Nf3 g6 3. Nc3 Bg7 4. g3 O-O 5. Bg2 d6 6. d4 Nc6 7. d5 Na5 8. b3 c5
9. Bb2 a6 10. O-O Rb8 11. a4 e5 12. dxe6 Bxe6 13. Ng5 Bf5 14. h3 h6 15. Nf3 Ne4
16. Rc1 b5 17. axb5 axb5 18. g4 Be6 19. Nxe4 Bxb2 20. Rc2 Bg7 21. Nxd6 bxc4 22.
bxc4 Qe7 23. Qd3 Rb3 24. Qd2 Rb4 25. Rd1 Nxc4 26. Nxc4 Rxc4 27. Rxc4 Bxc4 28.
Qc2 Be6 29. Nd2 Rd8 30. Nf1 c4 31. Ne3 Rxd1+ 32. Qxd1 c3 33. Qa4 Qd6 34. Kf1 Bd4
35. Nc2 Bb6 36. Ne1 Qd2 37. Qb4 Bc7 38. Qc5 Bd6 39. Qc6 Be5 40. Qa4 Kg7 41. Bf3
Bf6 42. Bg2 Qb2 43. Be4 h5 44. gxh5 Bxh3+ 45. Bg2 Bxg2+ 46. Kxg2 Qxe2 47. Nf3
gxh5 48. Qf4 Qe6 49. Nd4 Bxd4 50. Qxd4+ Qf6 51. Qc4 Qg6+ 52. Kh2 c2 53. Qd4+ Qf6
54. Qd2 Qe5+ 55. Kh1 Qa1+ 0-1

[Event "TechM GCL 3rd-4th 2025"]
[Site "Mumbai IND"]
[Date "2025.12.23"]
[Round "1.3"]
[White "Sindarov, Javokhir"]
[Black "Dominguez Perez, Leinier"]
[Result "1-0"]
[WhiteTitle "GM"]
[BlackTitle "GM"]
[WhiteElo "2726"]
[BlackElo "2738"]
[WhiteTeam "Ganges Grandmasters"]
[BlackTeam "PBG Alaskan Knights"]
[WhiteFideId "14205483"]
[BlackFideId "3503240"]
[EventDate "2025.12.23"]
[EventType "team"]

1. c4 c6 2. Nf3 d5 3. g3 g6 4. Qa4 dxc4 5. Qxc4 Bg7 6. d4 Nf6 7. Bg2 O-O 8. Nc3
Bf5 9. Qb3 Qb6 10. O-O Na6 11. Bf4 Rfd8 12. Be5 Bh6 13. e3 Qxb3 14. axb3 Nb4 15.
h3 Nd7 16. Bc7 Re8 17. g4 Bd3 18. Rfc1 e5 19. Ra4 exd4 20. Nxd4 Na6 21. Bh2 Ndc5
22. Ra3 Rad8 23. Rd1 Bg7 24. Bf4 Nb4 25. Rxa7 Ba6 26. Bg5 Rd7 27. Ra1 h6 28. Bf4
g5 29. Bg3 Bxd4 30. exd4 Rxd4 31. Na4 Nxb3 32. Ra3 Rd1+ 33. Kh2 Nd2 34. Nc5 Nc2
35. Rc3 Ne1 36. Nxa6 Nxg2 37. Kxg2 bxa6 38. Rxc6 Ne4 39. Raxa6 Nxg3 40. Kxg3
Rd3+ 41. Kg2 Re2 42. Rxh6 Rdd2 43. Rhf6 Rxb2 44. Ra7 1-0

[Event "TechM GCL 3rd-4th 2025"]
[Site "Mumbai IND"]
[Date "2025.12.23"]
[Round "1.4"]
[White "Shuvalova, Polina"]
[Black "Lagno, Kateryna"]
[Result "1-0"]
[WhiteTitle "IM"]
[BlackTitle "GM"]
[WhiteElo "2502"]
[BlackElo "2508"]
[WhiteTeam "Ganges Grandmasters"]
[BlackTeam "PBG Alaskan Knights"]
[WhiteFideId "24171760"]
[BlackFideId "14109336"]
[EventDate "2025.12.23"]
[EventType "team"]

1. e4 e5 2. Nf3 Nc6 3. Bc4 Nf6 4. d3 Be7 5. Nc3 O-O 6. a3 d6 7. h3 Be6 8. Nd5 a5
9. O-O h6 10. c3 a4 11. Ba2 Bd7 12. Re1 Nxd5 13. exd5 Na5 14. d4 exd4 15. Nxd4
Re8 16. Bf4 Bf8 17. Rxe8 Bxe8 18. Qd2 b5 19. Re1 Qf6 20. Bg3 Kh8 21. Qe2 Rb8 22.
Qxe8 Rxe8 23. Rxe8 Kg8 24. Nxb5 Qf5 25. Ra8 Nb3 26. Rxa4 Nc1 27. Bc4 Qc2 28. Rb4
h5 29. Nd4 Qd1+ 30. Kh2 Be7 31. Nf5 Bf6 32. a4 Nd3 33. Ne3 Qd2 34. Bxd3 Qxd3 35.
h4 g5 36. hxg5 Bxg5 37. Rd4 Qe2 38. a5 Qb5 39. b4 Bd8 40. Bh4 Bxh4 41. Rxh4 Qe2
42. Rf4 Qb5 43. g3 Kf8 44. Kg2 Ke8 45. Rh4 Qe2 46. Re4+ Kd8 47. Rf4 Ke8 48. Rh4
Kd8 49. Rc4 Qa2 50. Rf4 Ke8 51. Re4+ Kd8 52. Rh4 Qe2 53. c4 Qd2 54. b5 Qxa5 55.
Rxh5 Qd2 56. Rf5 Ke8 57. Rf4 Qd3 58. Kf3 Qb1 59. Re4+ Kd8 60. Rh4 Ke7 61. Rf4
Qd3 62. Kg2 Qb1 63. Nf5+ Ke8 64. Nh6 f6 65. Ng4 Ke7 66. Nxf6 Qd3 67. Ng4 Qg6 68.
Ne3 Qd3 69. Nf5+ Kf6 70. Nxd6+ Ke5 71. Nf7# 1-0

[Event "TechM GCL 3rd-4th 2025"]
[Site "Mumbai IND"]
[Date "2025.12.23"]
[Round "1.5"]
[White "Tsolakidou, Stavroula"]
[Black "Khademalsharieh, Sarasadat"]
[Result "0-1"]
[WhiteTitle "IM"]
[BlackTitle "IM"]
[WhiteElo "2479"]
[BlackElo "2414"]
[WhiteTeam "Ganges Grandmasters"]
[BlackTeam "PBG Alaskan Knights"]
[WhiteFideId "4264312"]
[BlackFideId "12512214"]
[EventDate "2025.12.23"]
[EventType "team"]

1. e4 e5 2. Nf3 Nc6 3. Bc4 Bc5 4. d3 Nf6 5. Be3 Bb6 6. Qe2 d6 7. a3 Be6 8. Nbd2
Qd7 9. h3 h6 10. O-O-O Na5 11. Bxe6 Qxe6 12. Kb1 O-O-O 13. c4 Nc6 14. Nb3 g5 15.
Qc2 Rhe8 16. Rc1 Nd7 17. g4 Qf6 18. Nbd2 Nc5 19. h4 Ne6 20. hxg5 hxg5 21. Rh5
Ncd4 22. Qd1 Rg8 23. Qh1 Ne2 24. Rh6 Qe7 25. Re1 N2f4 26. Kc2 Qd7 27. b3 Nc5 28.
Bxf4 gxf4 29. g5 Ne6 30. Qg2 Bd4 31. Reh1 Qe7 32. R6h5 Kb8 33. Nxd4 Nxd4+ 34.
Kb2 Rg6 35. Rg1 Rdg8 36. Qh3 a6 37. Qh4 Qd8 38. Rg2 f6 39. Qh3 fxg5 40. Rg4 R6g7
41. Nf3 Ne6 42. Qg2 Qe8 43. Rh6 Rh8 44. Qh3 Rxh6 45. Qxh6 Qg6 46. Qh8+ Rg8 47.
Qh3 Qg7 48. Qg2 Qh6 49. Nh4 Rh8 50. Nf5 Qh2 51. Kc2 Qxg2 52. Rxg2 Rh3 53. b4 Kc8
54. Kd2 Kd7 55. Rg1 Ke8 56. Ke2 Kf7 57. a4 Kf6 58. a5 c6 59. Rb1 Nd4+ 60. Nxd4
exd4 61. b5 cxb5 62. cxb5 g4 63. bxa6 bxa6 64. Rb6 Ke5 65. Rxa6 Rh2 66. Ra8 f3+
67. Ke1 Rh1+ 68. Kd2 Rf1 69. Re8+ Kf6 70. Rg8 Rxf2+ 71. Ke1 Rg2 72. a6 Ra2 73.
Rxg4 Ke5 74. Kf1 Rxa6 75. Kf2 Ra3 76. Kxf3 Rxd3+ 77. Kf2 Re3 78. Rg5+ Kxe4 79.
Rg6 d5 80. Ra6 Rb3 81. Ke2 Rb2+ 82. Kd1 Ke3 83. Rd6 Kd3 84. Ke1 Rb1+ 85. Kf2 Kd2
86. Rxd5 d3 87. Ra5 Rb2 88. Kf1 Rb1+ 89. Kf2 Kd1 90. Ke3 d2 91. Rd5 Rb3+ 92. Kf2
Rc3 93. Rd8 Rc5 94. Rd7 Kc1 0-1

[Event "TechM GCL 3rd-4th 2025"]
[Site "Mumbai IND"]
[Date "2025.12.23"]
[Round "1.6"]
[White "Sadhwani, Raunak"]
[Black "Dardha, Daniel"]
[Result "1-0"]
[WhiteTitle "GM"]
[BlackTitle "GM"]
[WhiteElo "2638"]
[BlackElo "2603"]
[WhiteTeam "Ganges Grandmasters"]
[BlackTeam "PBG Alaskan Knights"]
[WhiteFideId "35093487"]
[BlackFideId "240990"]
[EventDate "2025.12.23"]
[EventType "team"]

1. e4 d6 2. d4 Nf6 3. Nc3 e5 4. Nf3 Nbd7 5. Bc4 Be7 6. O-O O-O 7. a4 c6 8. Re1
h6 9. h3 a5 10. Be3 Re8 11. Ba2 exd4 12. Nxd4 Bf8 13. Nf5 Ne5 14. Ng3 Be6 15.
Bxe6 fxe6 16. b3 Qc7 17. f4 Ng6 18. Qf3 Qf7 19. Rad1 e5 20. f5 Nf4 21. Nce2
Nxe2+ 22. Rxe2 d5 23. Bc1 Rad8 24. Rf1 Bc5+ 25. Kh2 Rf8 26. exd5 Rxd5 27. Ne4
Be7 28. Bb2 Rfd8 29. Bc3 Bb4 30. Bb2 Kh7 31. Qg3 Be7 32. Bc3 b6 33. Qf2 Qh5 34.
Nxf6+ gxf6 35. g4 Qe8 36. Qxb6 Bd6 37. Qe3 Bb4 38. Qf3 Bxc3 39. Qxc3 Qd7 40.
Rfe1 Qc7 41. Qe3 Rd4 42. Qg3 Qg7 43. Re3 Qg5 44. R1e2 h5 45. gxh5 Rg8 46. Rg2
Qxg3+ 47. Rexg3 Rxg3 48. Kxg3 Kh6 49. Kf3 Rf4+ 50. Ke3 Kxh5 51. c3 Rxf5 52. Rf2
Rg5 53. Rxf6 Rg3+ 54. Rf3 Rg1 55. Rf5+ Kg6 56. Rxe5 Rb1 57. Rxa5 Rxb3 58. Rc5
Ra3 59. a5 Kf6 60. h4 Ke6 61. Rxc6+ Kd5 62. Rc8 Rxa5 63. Kf4 Ke6 64. Kg4 Ra1 65.
Kg5 Rg1+ 66. Kh6 Kf7 67. h5 Ra1 68. Rc7+ Kf6 69. c4 Ra8 70. Kh7 Rd8 71. h6 Re8
72. c5 Rd8 73. c6 Re8 74. Rd7 Rc8 75. Rd6+ Ke7 76. Rg6 Kf7 77. Rg7+ Ke6 78. Kg6
Rxc6 79. h7 Rc8 80. Rg8 Rc1 81. h8=Q Kd5 1-0

[Event "TechM GCL 3rd-4th 2025"]
[Site "Mumbai IND"]
[Date "2025.12.23"]
[Round "2.1"]
[White "Gukesh, D"]
[Black "Anand, Viswanathan"]
[Result "1/2-1/2"]
[WhiteTitle "GM"]
[BlackTitle "GM"]
[WhiteElo "2754"]
[BlackElo "2743"]
[WhiteTeam "PBG Alaskan Knights"]
[BlackTeam "Ganges Grandmasters"]
[WhiteFideId "46616543"]
[BlackFideId "5000017"]
[EventDate "2025.12.23"]
[EventType "team"]

1. e4 e5 2. Nf3 Nc6 3. g3 Nf6 4. d3 Bc5 5. Bg2 d6 6. O-O O-O 7. h3 a5 8. c4 Nd4
9. Nxd4 Bxd4 10. Nc3 Nd7 11. Kh2 c6 12. Ne2 Ba7 13. f4 b5 14. b3 Nc5 15. d4 Ne6
16. d5 Nd4 17. fxe5 dxe5 18. Be3 bxc4 19. bxc4 Ba6 20. Bxd4 exd4 21. Nxd4 cxd5
22. Nc6 Qc7 23. exd5 Bc5 24. Qd3 Rae8 25. Rae1 h5 26. Re4 Bc8 27. Nd4 Rxe4 28.
Qxe4 Bd6 29. Nc6 Bxg3+ 30. Kh1 g6 31. c5 Kh7 32. Rf6 Bb7 33. Ne7 Bxd5 34. Nxd5
Qxc5 35. Rf3 Qc1+ 36. Rf1 Qg5 37. Nf6+ Kg7 38. Nd7 Rc8 39. Qd4+ Kh6 40. Rxf7
Qc1+ 41. Rf1 Qc3 42. Qb6 Qd3 43. Nf6 Be5 44. Ne4 Rc2 45. Qb3 Qe2 46. Qf3 Qxf3
47. Rxf3 Rxa2 48. Bf1 a4 49. Bc4 Rc2 50. Bb5 Ra2 51. Bc4 Rc2 52. Bf7 Re2 53. Nc5
g5 54. Nxa4 g4 55. Rf5 gxh3 56. Bc4 Re1+ 57. Bf1 Bd4 58. Kh2 Kg6 59. Bxh3 Re2+
60. Kh1 Re1+ 61. Kh2 Re2+ 62. Kh1 Re3 63. Rd5 Rxh3+ 64. Kg2 Rh4 1/2-1/2

[Event "TechM GCL 3rd-4th 2025"]
[Site "Mumbai IND"]
[Date "2025.12.23"]
[Round "2.2"]
[White "Erigaisi, Arjun"]
[Black "Keymer, Vincent"]
[Result "1-0"]
[WhiteTitle "GM"]
[BlackTitle "GM"]
[WhiteElo "2775"]
[BlackElo "2776"]
[WhiteTeam "PBG Alaskan Knights"]
[BlackTeam "Ganges Grandmasters"]
[WhiteFideId "35009192"]
[BlackFideId "12940690"]
[EventDate "2025.12.23"]
[EventType "team"]

1. d4 Nf6 2. c4 e6 3. Nf3 d5 4. e3 b6 5. b3 Bb7 6. Bd3 Bd6 7. O-O O-O 8. Bb2
Nbd7 9. Nc3 a6 10. Re1 Ne4 11. Ne2 Qe7 12. Nf4 Rad8 13. Qe2 a5 14. Rac1 c5 15.
cxd5 exd5 16. Bb5 Ng5 17. Red1 Nxf3+ 18. Qxf3 Nf6 19. Nh5 Nxh5 20. Qxh5 Qe6 21.
h3 f5 22. Rc2 Rc8 23. Qe2 Qg6 24. f4 Rc7 25. Qf2 Rfc8 26. dxc5 Rxc5 27. Bd3 Rxc2
28. Bxc2 Bc5 29. Bd3 Re8 30. Be5 h6 31. Be2 Bd6 32. Bd4 Bc5 33. Bf3 Bxd4 34.
Rxd4 Qe6 35. Rd3 Rc8 36. Qd2 Rc5 37. a3 Kh7 38. b4 axb4 39. axb4 Rc4 40. Rxd5
Qf6 41. Rd4 Rc7 42. Bxb7 Rxb7 43. Rd6 Qe7 44. Qd3 Qf7 45. e4 fxe4 46. Qxe4+ g6
47. Rxg6 Qxg6 48. Qxb7+ Kh8 49. Qb8+ Kh7 50. Qc7+ Kh8 51. Qe5+ Kh7 52. f5 Qg5
53. Kh2 h5 54. Qc7+ Kh8 55. Qc3+ Kh7 56. Qc7+ Kh8 57. Qxb6 Qf4+ 58. Kh1 Qf1+ 59.
Qg1 Qxf5 60. Qd4+ Kh7 61. Kh2 Kg6 62. Qd6+ Kh7 63. Qc7+ Kg6 64. Qb8 Kh7 65. b5
Qd7 66. b6 1-0

[Event "TechM GCL 3rd-4th 2025"]
[Site "Mumbai IND"]
[Date "2025.12.23"]
[Round "2.3"]
[White "Dominguez Perez, Leinier"]
[Black "Sindarov, Javokhir"]
[Result "1-0"]
[WhiteTitle "GM"]
[BlackTitle "GM"]
[WhiteElo "2738"]
[BlackElo "2726"]
[WhiteTeam "PBG Alaskan Knights"]
[BlackTeam "Ganges Grandmasters"]
[WhiteFideId "3503240"]
[BlackFideId "14205483"]
[EventDate "2025.12.23"]
[EventType "team"]

1. e4 e5 2. Nf3 Nc6 3. Bc4 Nf6 4. d3 Be7 5. O-O O-O 6. Re1 d6 7. a4 Be6 8. Bxe6
fxe6 9. c3 a5 10. Na3 h6 11. Bd2 Qd7 12. Nc4 b6 13. b4 axb4 14. cxb4 Nd4 15.
Nxd4 exd4 16. b5 e5 17. Qb3 Kh8 18. a5 bxa5 19. Nxa5 Ng4 20. f3 Bh4 21. fxg4
Bf2+ 22. Kh1 Bxe1 23. Rxe1 Rf2 24. Qd1 Qxb5 25. Nc4 d5 26. Nxe5 dxe4 27. Bf4 e3
28. Bg3 Rf6 29. h4 Qd5 30. g5 Re6 31. Nf3 Rf8 32. Qe2 c5 33. Rc1 Ra6 34. Rc2
hxg5 35. Nxg5 Kg8 36. Kh2 Qf5 37. Rc1 Qd5 38. Qh5 Rh6 39. Qg4 Qf5 40. Kh3 Rc6
41. Qxf5 Rxf5 42. Kg4 g6 43. Nf3 Rd5 44. Ne5 Re6 45. Nc4 Rf5 46. Bf4 Ra6 47. Ne5
Ra2 48. g3 Rf6 49. Kg5 Re6 50. Re1 Rd2 51. g4 c4 52. dxc4 Rc2 53. h5 gxh5 54.
gxh5 e2 55. Kf5 Rxe5+ 56. Kxe5 d3 57. Kd4 d2 58. Bxd2 Rxd2+ 59. Ke3 Rd8 60. Rxe2
Kf7 61. Rh2 1-0

[Event "TechM GCL 3rd-4th 2025"]
[Site "Mumbai IND"]
[Date "2025.12.23"]
[Round "2.4"]
[White "Lagno, Kateryna"]
[Black "Shuvalova, Polina"]
[Result "0-1"]
[WhiteTitle "GM"]
[BlackTitle "IM"]
[WhiteElo "2508"]
[BlackElo "2502"]
[WhiteTeam "PBG Alaskan Knights"]
[BlackTeam "Ganges Grandmasters"]
[WhiteFideId "14109336"]
[BlackFideId "24171760"]
[EventDate "2025.12.23"]
[EventType "team"]

1. e4 e5 2. Nf3 Nc6 3. Bb5 a6 4. Ba4 Nf6 5. O-O Be7 6. Re1 b5 7. Bb3 O-O 8. d3
d6 9. c3 Na5 10. Bc2 c5 11. h3 Re8 12. d4 cxd4 13. cxd4 exd4 14. Nxd4 Bd7 15. b3
Nc6 16. Bb2 Rc8 17. Nxc6 Bxc6 18. Nc3 Bf8 19. Qd2 Qc7 20. Bd3 Qb7 21. Qf4 Nd7
22. Rad1 Ne5 23. Bb1 Ng6 24. Qg3 b4 25. Nd5 Bxd5 26. exd5 Rxe1+ 27. Rxe1 Qxd5
28. Qe3 a5 29. Be4 Qe6 30. Qd2 Re8 31. Re3 Qc8 32. Bd5 Rxe3 33. Qxe3 Qc5 34. Qf3
Qc7 35. Qf5 Qe7 36. Kh2 Ne5 37. f4 Nd7 38. Bc4 Nc5 39. Qd5 Qe6 40. Qd4 Qf5 41.
Qe3 Ne6 42. Bc1 g6 43. Bd3 Qc5 44. Qe1 Bg7 45. Be3 Bd4 46. Bd2 Bc3 47. Bc4 d5
48. Bd3 Qd4 49. Bxc3 bxc3 50. Bc2 Qxf4+ 51. Kh1 d4 52. Bd3 Qd2 53. Qe4 Qc1+ 54.
Kh2 Qf4+ 55. Kg1 Qxe4 56. Bxe4 Nc5 0-1

[Event "TechM GCL 3rd-4th 2025"]
[Site "Mumbai IND"]
[Date "2025.12.23"]
[Round "2.5"]
[White "Khademalsharieh, Sarasadat"]
[Black "Tsolakidou, Stavroula"]
[Result "0-1"]
[WhiteTitle "IM"]
[BlackTitle "IM"]
[WhiteElo "2414"]
[BlackElo "2479"]
[WhiteTeam "PBG Alaskan Knights"]
[BlackTeam "Ganges Grandmasters"]
[WhiteFideId "12512214"]
[BlackFideId "4264312"]
[EventDate "2025.12.23"]
[EventType "team"]

1. d4 Nf6 2. g3 d5 3. Nf3 c5 4. Bg2 cxd4 5. Nxd4 e5 6. Nb3 Nc6 7. Bg5 Be6 8. Nc3
d4 9. Ne4 Be7 10. Bxf6 gxf6 11. O-O Qb6 12. Qd2 h6 13. Qc1 f5 14. Ned2 a5 15. a4
e4 16. Kh1 h5 17. c4 h4 18. c5 Qc7 19. Kg1 hxg3 20. hxg3 Bg5 21. Qd1 e3 22.
Bxc6+ Qxc6 23. Nf3 Bxb3 24. Qxb3 Qh6 25. Qb5+ Kf8 26. Nh4 Bxh4 27. Qxb7 Re8 0-1

[Event "TechM GCL 3rd-4th 2025"]
[Site "Mumbai IND"]
[Date "2025.12.23"]
[Round "2.6"]
[White "Dardha, Daniel"]
[Black "Sadhwani, Raunak"]
[Result "1-0"]
[WhiteTitle "GM"]
[BlackTitle "GM"]
[WhiteElo "2603"]
[BlackElo "2638"]
[WhiteTeam "PBG Alaskan Knights"]
[BlackTeam "Ganges Grandmasters"]
[WhiteFideId "240990"]
[BlackFideId "35093487"]
[EventDate "2025.12.23"]
[EventType "team"]

1. d4 Nf6 2. c4 e6 3. Nc3 Bb4 4. e3 O-O 5. a3 Bxc3+ 6. bxc3 c5 7. Bd3 Nc6 8. Rb1
b6 9. e4 Ne8 10. Nf3 Ba6 11. e5 h6 12. O-O Na5 13. dxc5 bxc5 14. Qa4 Bb7 15. Rb5
a6 16. Rxc5 Nc6 17. Be3 d6 18. Rxc6 Qd7 19. Be4 f5 20. Rxa6 Qxa4 21. Rxa4 Bxe4
22. Rxa8 Bxa8 23. Rd1 Bxf3 24. gxf3 dxe5 25. Bc5 Rf6 26. Rd8 Kf7 27. Rd7+ 1-0

[Event "TechM GCL 3rd-4th 2025"]
[Site "Mumbai IND"]
[Date "2025.12.23"]
[Round "3.1"]
[White "Anand, Viswanathan"]
[Black "Gukesh, D"]
[Result "1/2-1/2"]
[WhiteTitle "GM"]
[BlackTitle "GM"]
[WhiteElo "2743"]
[BlackElo "2754"]
[WhiteTeam "Ganges Grandmasters"]
[BlackTeam "PBG Alaskan Knights"]
[WhiteFideId "5000017"]
[BlackFideId "46616543"]
[EventDate "2025.12.23"]
[EventType "team"]

1. e4 d6 2. d4 Nf6 3. Nc3 e5 4. Nf3 Nbd7 5. h3 c6 6. g4 h6 7. Be3 b5 8. a3 Bb7
9. Rg1 Qa5 10. dxe5 Nxe4 11. exd6 Nxc3 12. Qd2 O-O-O 13. bxc3 Nf6 14. c4 Qxd2+
15. Nxd2 Bxd6 16. cxb5 cxb5 17. Bxb5 Nd5 18. Bxa7 Nc3 19. a4 Nxb5 20. axb5 Rhe8+
21. Be3 Bh2 22. Ke2 Bxg1 23. Rxg1 Be4 24. Ra1 Kb8 25. c4 Bd3+ 26. Kf3 Re6 27. c5
Rd5 28. b6 g5 29. Ra7 f5 30. gxf5 Rxf5+ 31. Kg3 Rxe3+ 32. fxe3 Rxc5 33. Rd7 Bf5
34. Rd6 h5 35. Nf3 h4+ 36. Kg2 Be4 37. Rf6 Kb7 38. Kf2 Rc2+ 39. Kg1 Rc1+ 40. Kf2
Rc2+ 41. Kg1 g4 42. hxg4 h3 43. g5 Rg2+ 44. Kf1 Rg3 45. Kf2 Rg2+ 46. Kf1 Bd3+
47. Ke1 Re2+ 48. Kd1 Rf2 49. Rf4 Be2+ 50. Ke1 Rxf3 51. Rh4 Bd3 52. e4 Kxb6 53.
g6 Rf1+ 54. Kd2 Rf3 55. g7 Bc4 56. e5 Bf7 57. e6 Bxe6 58. Rh6 Rg3 59. Rxe6+ Kc5
60. Rh6 Rxg7 61. Rxh3 1/2-1/2

[Event "TechM GCL 3rd-4th 2025"]
[Site "Mumbai IND"]
[Date "2025.12.23"]
[Round "3.2"]
[White "Keymer, Vincent"]
[Black "Erigaisi, Arjun"]
[Result "0-1"]
[WhiteTitle "GM"]
[BlackTitle "GM"]
[WhiteElo "2776"]
[BlackElo "2775"]
[WhiteTeam "Ganges Grandmasters"]
[BlackTeam "PBG Alaskan Knights"]
[WhiteFideId "12940690"]
[BlackFideId "35009192"]
[EventDate "2025.12.23"]
[EventType "team"]

1. d4 Nf6 2. Nf3 g6 3. Nbd2 d5 4. b3 Bg7 5. Bb2 O-O 6. e3 b6 7. a4 a5 8. Bd3 Bb7
9. O-O Nbd7 10. Qe2 c5 11. Bb5 e6 12. Rfd1 Qe7 13. h3 Rfd8 14. Ne5 Rac8 15. Rac1
Nxe5 16. dxe5 Ne8 17. Qg4 f5 18. Qg3 Nc7 19. Be2 Na6 20. h4 Bh6 21. f4 Kh8 22.
Nf3 Nb4 23. Ng5 Rg8 24. c3 Nc6 25. Bf3 Rcd8 26. Rd2 Rd7 27. Rcd1 Rgd8 28. Qh3
Kg8 29. g4 Bxg5 30. hxg5 Qe8 31. gxf5 gxf5 32. Kh2 Rg7 33. Rg1 Ne7 34. Rgd1 Ng6
35. Kg1 Bc6 36. Kf2 Bb7 37. Ba3 Rc8 38. Qh1 b5 39. axb5 Qxb5 40. Rb1 d4 41. cxd4
cxd4 42. exd4 Nxf4 43. Bxb7 Rxb7 44. Bc5 Rd7 45. b4 axb4 46. g6 Nxg6 47. Rxb4
Qa5 48. Rdb2 Rxc5 49. dxc5 Qxc5+ 50. Kg2 Qd5+ 51. Kh2 Qxe5+ 52. Kg2 Nf4+ 53.
Rxf4 Qxb2+ 54. Kh3 Rd3+ 55. Rf3 Rxf3+ 56. Qxf3 Qf6 57. Qa8+ Kg7 58. Qb7+ Kg6 59.
Qc8 Kg5 60. Qc1+ f4 61. Qg1+ Kh6 62. Qb6 Qf5+ 63. Kg2 Kh5 64. Kf2 e5 65. Qd8
Qc2+ 66. Kf3 Qc3+ 67. Ke2 Qe3+ 68. Kf1 Qf3+ 69. Ke1 Qe4+ 70. Kf1 Kg4 71. Qd7+
Qf5 72. Qd1+ f3 73. Kf2 e4 74. Qg1+ Kh5 75. Qh2+ Kg6 76. Qd6+ Kf7 77. Qc7+ Kf6
78. Qd8+ Ke5 79. Qa5+ Kf4 80. Qc7+ Kg5 81. Qe7+ Kh5 82. Qe8+ Qg6 83. Qe5+ Qg5
84. Qe8+ Qg6 85. Qe5+ Kg4 86. Qc5 Qg5 87. Qc8+ Kh4 88. Qd7 Qg2+ 89. Ke3 Qg5+ 90.
Kf2 e3+ 0-1

[Event "TechM GCL 3rd-4th 2025"]
[Site "Mumbai IND"]
[Date "2025.12.23"]
[Round "3.3"]
[White "Sindarov, Javokhir"]
[Black "Dominguez Perez, Leinier"]
[Result "1-0"]
[WhiteTitle "GM"]
[BlackTitle "GM"]
[WhiteElo "2726"]
[BlackElo "2738"]
[WhiteTeam "Ganges Grandmasters"]
[BlackTeam "PBG Alaskan Knights"]
[WhiteFideId "14205483"]
[BlackFideId "3503240"]
[EventDate "2025.12.23"]
[EventType "team"]

1. e4 e5 2. Nf3 Nc6 3. Bc4 Bc5 4. Nc3 Nf6 5. d3 a6 6. Be3 d6 7. Bxc5 dxc5 8. Nd5
Be6 9. Ne3 Qd6 10. a4 h6 11. O-O O-O-O 12. Nd2 Nd4 13. a5 h5 14. c3 Nc6 15. Nf5
Bxf5 16. exf5 Qd7 17. Qf3 e4 18. Nxe4 Ne5 19. Qf4 Nxd3 20. Bxd3 Qxd3 21. Nxc5
Qd5 22. b4 h4 23. h3 Rh5 24. Rad1 Qxd1 25. Rxd1 Rxd1+ 26. Kh2 Rd5 27. c4 Rdxf5
28. Qd4 Rh8 29. f3 Rfh5 30. Nb3 Kb8 31. Nc5 Kc8 32. Na4 Kb8 33. Nc3 Re8 34. b5
Rhe5 35. Qxh4 Rd8 36. Qf4 Rde8 37. Qd4 R5e6 38. Na4 Rd6 39. Qf4 Red8 40. b6 Rc6
41. bxc7+ Rxc7 42. Nb6 Re8 43. h4 Re7 44. Qd6 Re8 45. h5 Rh8 46. g4 Re8 47. h6
Rh8 48. Kg2 1-0

[Event "TechM GCL 3rd-4th 2025"]
[Site "Mumbai IND"]
[Date "2025.12.23"]
[Round "3.4"]
[White "Shuvalova, Polina"]
[Black "Lagno, Kateryna"]
[Result "0-1"]
[WhiteTitle "IM"]
[BlackTitle "GM"]
[WhiteElo "2502"]
[BlackElo "2508"]
[WhiteTeam "Ganges Grandmasters"]
[BlackTeam "PBG Alaskan Knights"]
[WhiteFideId "24171760"]
[BlackFideId "14109336"]
[EventDate "2025.12.23"]
[EventType "team"]

1. e4 e5 2. Nf3 Nc6 3. Bc4 Nf6 4. d3 Be7 5. Nc3 d6 6. a3 O-O 7. O-O Be6 8. Nd5
a5 9. c3 h6 10. Re1 Bd7 11. Ba2 a4 12. Nxe7+ Nxe7 13. d4 Ng6 14. Qd3 Qe7 15. Bd2
c5 16. Rad1 Bc6 17. Qc2 exd4 18. e5 Nxe5 19. Nxe5 dxe5 20. cxd4 e4 21. dxc5 Qe5
22. Qc3 Qf5 23. h3 Rad8 24. Qg3 Rd3 25. Be3 Rfd8 26. Rxd3 exd3 27. Rd1 Ne4 28.
Qg4 Qf6 29. Bc4 Qxb2 30. Bxd3 Qb3 31. Kh2 Nf6 32. Qe2 Re8 33. Qd2 Qxa3 34. Qc2
Qb3 35. Qxb3 axb3 36. Rb1 Bd5 37. Bd4 Ne4 38. f3 Nd2 39. Rb2 Nc4 40. Rxb3 Ne5
41. Ra3 Nc6 42. Bf2 Nb4 43. Bb5 Bc6 44. Bc4 Bd5 45. Bb5 Bc6 46. Bf1 Nd5 47. Rb3
Re7 48. h4 h5 49. Kg3 g6 50. Bd3 Rd7 51. Be4 Ne7 52. Kf4 Bxe4 53. Kxe4 Nc6 54.
Rb2 Kg7 55. Bg3 Kf6 56. Bd6 Ke6 57. Re2 Kf6 58. Kd5 Nd8 59. Re8 Nc6 60. Ra8 Nb4+
61. Kc4 Nc6 62. Ra2 Kf5 63. Re2 f6 64. Rd2 g5 65. hxg5 fxg5 66. Rd5+ Kg6 67. Kb5
Ne7 68. Re5 Nf5 69. Re6+ Kf7 70. Re5 Kf6 71. Rd5 Ke6 72. Re5+ Kf6 73. Rd5 Ke6
74. Re5+ Kf6 75. Bb8 Rd2 76. g4 Nd4+ 77. Kb6 Rb2+ 78. Ka7 Nc6+ 79. Ka8 Nxe5 80.
gxh5 Nd7 81. Bd6 Rc2 82. Kxb7 Nxc5+ 83. Kc6 Ne4+ 84. Kd5 Nxd6 85. Kd4 0-1